000 00942nam a2200217Ii 4500
003 JO-AjNU
005 20240110132100.0
008 230605s9999||||xx |||||||||||||| ||und||
040 _aJO-AjNU
_bara
_erda
_cJO-AjNU
041 _aara
050 1 4 _aKRM814.3.A2844
100 3 _aأبو السعود، رمضان محمد,
_eauthor
_936973
245 0 0 _aدروس في العقود المسماة : عقد البيع في القانون المصري واللبناني
264 3 1 _aالقاهرة : الدار الجامعية، 1900
300 _a207ص
336 _atext
_btxt
_2rdacontent
337 _aunmediated
_bn
_2rdamedia
338 _avolume
_bnc
_2rdacarrier
650 4 _aالعقود (قانون مدني) -- مصر-- العقود (قانون مدني) -- لبنان -- العقود المسماة -- المقايضة -- القانون المدني -- مصر-- القانون المدني -- لبنان
_936974
942 _2lcc
_cBK
999 _c18976
_d18976